000
00257nam a22001217a 4500
008
180202b xxu||||| |||| 00| 0 eng d
041
_a
eng
080
_a
54
100
_a
12
101
_a
KIM
245
_a
QUANTATIVE CHEMICAL
_c
JAMES.F.N
942
_2
udc
_c
BK
999
_c
41704
_d
41704